Kraje które były pod kontrolą Serbii - Statystyki

Ogólne statystyki
  • Ten quiz został rozwiązany 158 razy
  • Średni wynik to 10 z 11
Statystyki odpowiedzi
Hint Odpowiedź % Poprawnych
90% Chorwacja
98%
100% Czarnogóra
96%
100% Kosowo
96%
10% Bułgaria
95%
<1% Rumunia
94%
100% Albania
93%
45% Grecja
93%
100% Macedonia
93%
80% Słowenia
93%
100% Bośnia i Hercegowina
82%
100% Serbia
78%
Nie znaleziono quizów pasujących do podanych kryteriów
Rozkład punktacji
Procent ludzi z każdym wynikiem
Percentyl według liczby udzielonych odpowiedzi
Twoja historia wyników
Nie rozwiązałeś tego quizu